Vplyv vstupu Slovenska do EÚ na prílev priamych zahraničných investícií

Možné vplyvy vstupu Slovenska do EÚ na prílev priamych zahraničných investícií (PZI). Pohľad do minulosti - vplyv vstupu do EÚ na prílev PZI na príklade Írska, Španielska, Portugalska a Grécka. Možné pozitívne vplyvy vstupu SR do EÚ týkajúce sa PZI. Možné negatívne efekty vstupu Slovenska do EÚ pre...

Descrizione completa

Salvato in:
Dettagli Bibliografici
Autore principale: Dudáš, Tomáš, 1976-
Natura: Capitolo di libro
Lingua:slovacco
Soggetti:
Tags: Aggiungi Tag
Nessun Tag, puoi essere il primo ad aggiungerne!!

MARC

LEADER 00000naa$a2200000$$$4500
001 0036058
005 20240502071450.0
041 0 |a slo 
044 |a SK 
245 1 0 |a Vplyv vstupu Slovenska do EÚ na prílev priamych zahraničných investícií  |c Tomáš Dudáš 
520 |a Možné vplyvy vstupu Slovenska do EÚ na prílev priamych zahraničných investícií (PZI). Pohľad do minulosti - vplyv vstupu do EÚ na prílev PZI na príklade Írska, Španielska, Portugalska a Grécka. Možné pozitívne vplyvy vstupu SR do EÚ týkajúce sa PZI. Možné negatívne efekty vstupu Slovenska do EÚ pre prílev PZI. 
610 2 0 |a integrácia ekonomická medzinárodná 
610 2 0 |a Slovensko 
610 2 0 |a Európska únia 
610 2 0 |a investície priame zahraničné 
610 2 0 |a Írsko 
610 2 0 |a Španielsko 
610 2 0 |a Portugalsko 
610 2 0 |a Grécko 
100 1 |a Dudáš, Tomáš, 1976-